000 00419nam a22001337a 4500
003 SGT
020 _a9789391512064
082 _a891.4309
_bS22P
100 _aपांडेय, कौशलेन्द्र
245 _a श्रीमयमुनि विरचितं : मयमतम
260 _b द भारतीय विद्या प्रकाशन
_c2022
300 _a351
942 _2ddc
_cBK
999 _c29710
_d29710